00273nam a2200109Ia 4500008004100000041001200041100002000053245006200073260000600135650000600141700001600147221030s9999 xx 000 0 und d aEnglish aA. Silberschatz 0aDatabase system conceptscby A. Silberschatz, H. F. Korth c0 aB aH. F. Korth